Projektový manažment : návody na cvičenia pre Fakultu PEDAS /

Salvato in:
Dettagli Bibliografici
Autori principali: Kremeňová, Iveta (Autore), Kráľ, Pavol (Autore), Močková, Miriam (Autore)
Natura: Libro
Lingua:slovacco
Pubblicazione: Žilina EDIS 2012
Soggetti:
Tags: Aggiungi Tag
Nessun Tag, puoi essere il primo ad aggiungerne!!

MARC

LEADER 00000nam a22000003a 4500
001 0085572
003 SK-STU
005 20201216141717.6
007 ta
008 201216s ----xo-----e------000-0-----d
020 |a 978-80-554-0506-3 
040 |a STU  |b slo 
041 0 |a slo 
044 |a xo 
100 1 |a Kremeňová, Iveta  |4 aut 
245 1 0 |a Projektový manažment :  |b návody na cvičenia pre Fakultu PEDAS /  |c aut. Iveta Kremeňová, Pavol Kráľ, Miriam Močková 
260 |a Žilina  |b EDIS  |c 2012 
300 |a 237 s.+príl. 
650 0 7 |a projektový manažment 
700 1 |a Kráľ, Pavol  |4 aut 
700 1 |a Močková, Miriam  |4 aut 
996 |b 284M088546  |c M* S-1720-1  |l MMKN  |s A  |a 24  |w 0085572_0001